| 000 | 00614nam a22002055i 4500 | ||
|---|---|---|---|
| 001 | 13176 | ||
| 003 | ES-MaACL | ||
| 005 | 20251005063029.0 | ||
| 007 | t| | ||
| 008 | 960311s1995 sp ||||0| spa j | ||
| 020 | _a84-606-2385-8 | ||
| 040 |
_aM-BN _bspa _cM-BN |
||
| 080 | _a869.9-14"19" | ||
| 100 | 1 |
_aVázquez, Pura, _d1918-2006 _9113384 |
|
| 245 | 1 | 0 | _aPoesía de Pura Vázquez. |
| 260 |
_a[Ourense] : _bP. Vázquez, _cD.L. 1995 ( _eOurense : _fGraf. Rodi) |
||
| 300 |
_a170 p : _bil ; _c28 cm. |
||
| 852 |
_aES-MaACL _jL-20465 _bR.124959 _q. - Ded. autógr. del autor |
||
| 999 |
_c13176 _d13176 |
||